000 01142nam a2200277Ia 4500
003 OSt
005 20221005111101.0
006 a|||||r|||| 00| 0
007 ta
008 221004b |||||||| |||| 00| 0 hin d
020 _a9788171192984 (hbk)
_c1020
024 _a15778
037 _bBR6162, 24/12/2014, Rajkamal Prakashan Pvt. Ltd.
_cTextual
040 _aCRL
_cCRL
_bhin
041 _2hin
_ahin
082 _aP152:(Y), 152N4;Q3
100 _aश्रीवास्तव, रवीन्द्रनाथ
245 0 _aहिन्दी भाषा का समाजशास्त्र
246 _aHindī bhāṣhā kā samājashāstra
260 _aनई दिल्ली
_bराधाकृष्ण भारत
_c2013
300 _a300पृ0
_ccm.
650 _aहिन्दी भाषा
700 _a महेन्द्र, संपा.
942 _hP152:(Y), 152N4;Q3
_cTEXL
_2cc
999 _c1020762
_d1020762